| 000 | 00780nam a2200229 a 4500 | ||
|---|---|---|---|
| 999 |
_c1106 _d1106 |
||
| 001 | 1106 | ||
| 003 | BD-JhCC | ||
| 005 | 20171015103600.0 | ||
| 008 | 171015s1991 bg |||| |||| 000 0 ben d | ||
| 020 | _a9481200066 | ||
| 035 | _a(BD-JhCC)1106 | ||
| 040 |
_aBD-JhCC _dBD-JhCC |
||
| 041 | _aben | ||
| 082 |
_a307.72095492 _bZAH 1991 |
||
| 100 | _aজাহান, সেলিম | ||
| 245 |
_aবাংলাদেশের রাজনীতি- অর্থনীতি / _cসেলিম জাহান |
||
| 260 |
_aঢাকা: _bজাতীয় সাহিত্য প্রকাশনী, _c১৯৯১. |
||
| 300 |
_a১১৯ পৃ.: _c২১ সেমি. |
||
| 650 |
_aRural development _xEconomic policy _zBangladesh |
||
| 942 |
_2ddc _cBK |
||